Géographie du monde contemporain

Na minha lista:
Detalhes bibliográficos
Autor principal: Victor Prevot
Formato: Livro
Idioma:Undetermined
Publicado em: Paris Eugène Belin 1966
Assuntos:
Tags: Adicionar Tag
Sem tags, seja o primeiro a adicionar uma tag!
Thư viện lưu trữ: Trung tâm Học liệu Trường Đại học Cần Thơ
LEADER 00531nam a2200181Ia 4500
001 CTU_10219
008 210402s9999 xx 000 0 und d
082 |a 910.712 
082 |b P944 
100 |a Victor Prevot 
245 0 |a Géographie du monde contemporain 
245 0 |c Victor Prevot 
260 |a Paris 
260 |b Eugène Belin 
260 |c 1966 
650 |a geography, modern 
904 |i Minh, 961007 (Tuyển sửa số pl 910.071 thành 910.71) 
980 |a Trung tâm Học liệu Trường Đại học Cần Thơ